000
00295nam a22001337a 4500
008
180115b xxu||||| |||| 00| 0 eng d
020
_a
9780077523855
041
_a
eng
080
_2
8 ED
_a
573
100
_a
11
101
_a
BIO
245
_a
CONCEPTS BIOLOGY
_c
MADER.S.S
942
_2
udc
_c
BK
999
_c
40304
_d
40304